000 00373nam a22001577a 4500
003 OSt
008 150418b xxu||||| |||| 00| 0 eng d
100 1 _aGibson, Arrell Morgan
020 _a0806117583
041 _aeng
050 0 0 _aF694 .G49 1981
245 1 0 _aOklahoma
246 1 0 _aA History of Five Centuries
260 _bHarlow Publishing Company
300 _a0 pages
999 _c1240
_d1240